Komunikatívne testovanie cudzieho jazyka jazyková úroveň A1 a A2

Gespeichert in:
Bibliographische Detailangaben
1. Verfasser: Cýchová, Monika
Weitere Verfasser: Kucharová, Jana, 1981-, Liashuk, Xénia, Mišurová, Katarína, Ujházyová, Michaela, Šipošová, Martina, Jurenková, Miroslava
Format: Buch
Sprache:Slowakisch
Veröffentlicht: Bratislava Národný ústav certifikovaných meraní vzdelávania 2015
Ausgabe:1. vyd.
Schlagworte:
Tags: Tag hinzufügen
Keine Tags, Fügen Sie das erste Tag hinzu!

MARC

LEADER 00000nam a2200000 4500
001 0213486
005 20240502073547.6
020 |a 978-80-89638-27-7 
041 0 |a slo 
044 |a SK 
245 1 0 |a Komunikatívne testovanie cudzieho jazyka  |b jazyková úroveň A1 a A2  |c Monika Cýchová ... [et al.] ; zostavila: Michaela Ujházyová 
250 |a 1. vyd. 
264 1 |a Bratislava  |b Národný ústav certifikovaných meraní vzdelávania  |c 2015 
300 |a 99 s. [6,30 AH] 
610 2 0 |a jazyky cudzie 
610 2 0 |a angličtina 
610 2 0 |a nemčina 
610 2 0 |a ruština 
610 2 0 |a komunikácia 
610 2 0 |a testy didaktické 
610 2 0 |a zručnosti 
610 2 0 |a jazykoveda 
610 2 0 |a gramatika 
610 2 0 |a lexikológia 
610 2 0 |a sémantika 
100 1 |a Cýchová, Monika 
700 1 |a Kucharová, Jana, 1981- 
700 1 |a Liashuk, Xénia 
700 1 |a Mišurová, Katarína 
700 1 |a Ujházyová, Michaela 
700 1 |a Šipošová, Martina 
700 1 |a Jurenková, Miroslava